| 000 | 00487nam a2200169 4500 | ||
|---|---|---|---|
| 008 | b xx# fre u | ||
| 040 | _aLB-BrCRDP | ||
| 082 | _a370.1/NAH | ||
| 100 | 1 | _aNahas,Georges | |
| 130 | 0 | _lFR | |
| 245 | 1 | 0 |
_aLa langue d'enseignement au Liban _bActes du colloque de l'université de Balamand 1992 _cGeorges Nahas |
| 260 |
_aLiban _bBalamand _c1992 |
||
| 300 |
_a323p.; _c24cm |
||
| 650 | _aEnseignement | ||
| 942 | _cBK | ||
| 999 |
_c17140 _d17140 |
||